000 00488nam a2200193Ia 4500
001 21417
003 GE_BSU
008 181216s||||||||xx |||||||||||||| ||und||
040 _cGE_BSU
080 _aპერიოდიკა
245 _aLe Point №2352. 5 Octobre 2017.
260 _aParis
260 _c2017
300 _a98 p. 27cm. ill.
653 _aLe Point №2352. 5 Octobre 2017.
653 _aПериодика
653 _aპერიოდიკა
942 _cCR
999 _c54361
_d54361